000 01058nam a2200289 a 4500
001 65980
003 BD-RjUL
005 20211209081504.0
008 170313s1982 cou b 000 0 eng
020 _a0865313806
035 _a(BD-RjUL)66110
040 _aDLC
_cDLC
_dBD-RjUL
_beng
041 _aeng
082 0 0 _a001.40973
_223
_bRES 1982
245 0 0 _aResearch in the age of the steady-state university /
_cedited by Don I. Phillips and Benjamin S.P. Shen.
260 _aBoulder, Colo. :
_bWestview Press for the American Association for the Advancement of Science,
_c1982.
300 _axvi, 113 p. ;
_c24 cm.
504 _aIncludes bibliographical references.
650 0 _aResearch
_zUnited States
_xCongresses.
_9195154
650 0 _aUniversities and colleges
_zUnited States
_xCongresses.
_9181346
700 1 _aPhillips, Don I.
_9195155
700 1 _aShen, Benjamin Shih Ping,
_d1931-
_9195156
830 _aAAAS selected symposium
_9195157
942 _2ddc
_cBK
999 _c65980
_d65980